00856nam a2200265Ia 450000500170000000800410001702000180005810000310007624500570010725000360016430000250020049000210022550000410024665000390028765000430032665000330036994200150040226400240041733600270044133700330046833800280050104000350052908400110056499900150057520220317001353.0161108s9999 xx 000 0 und d a97895870485131 aMutis, Álvarod1923-201313aLa última escala del Tramp SteamercÁlvaro Mutis a1a. ediciónb1a reimpresión a123 páginasc19 cm aPunto de Lectura aIncluye datos biográficos de autor142LEMBaNovela colombiana ySiglo XX142LEMBaLiteratura colombiana ySiglo XX142LEMBaAmor en la literatura  2loccBKINF aBogotábAlfaguara atextobtxt2rdacontent asin mediaciónbn2rdamedia avolumenbnc2rdacarrier aCO-BoRNBPbspaerdacCO-BoRNBP aN MUT1 c6764d6764